00862njm a2200181 i 4500001001100000003000500011005001700016008004100033040002500074245007700099264007000176336002100246337002500267338002300292500024300315650011100558700001100669C2-0322324PPAK20180729163422.0130513s2006 wau|||| ||||| | eng d aPPAKbengcPPAKerda13aAn introduction to The Grapes of Wrath by John Steinbeck : baudio guide 1a[Washington, D.C.] : bNational Endowment for the Arts , c[2006] 2rdacontentatext 2rdamediaaunmediated 2rdacarrieravolume aAudio guide ; Narrated by Dana Gioia ; readings by Ed Harris ; featuring Ray Bradbury, Lawson Fusao Inada, Jay Parini, Richard Rodriguez, Susan Shillinglaw, Kevin Starr, Thom Steinbeck, Susan Straight, and Rich Wartzman. ; The Big Read is10aSteinbeck, John, 1902-1968. Grapes of wrath. ; Steinbeck, John, 1902-1968 - Criticism and interpretation. eauthor